Wszystkie rozszerzenia do The Sims 3 - Statystyki

Ogólne statystyki
  • Ten quiz został rozwiązany 28 razy
  • Średni wynik to 9 z 19
Statystyki odpowiedzi
Hint Odpowiedź % Poprawnych
Dodatek Cztery pory roku
90%
Dodatek Kariera
70%
Dodatek Skok w przyszłość
70%
Dodatek Rajska wyspa
65%
Dodatek Nie z tego świata
60%
Dodatek Pokolenia
60%
Dodatek Po zmroku
60%
Dodatek Studenckie życie
60%
Dodatek Wymarzone podróże
60%
Dodatek Zostań gwiazdą
60%
Akcesoria Diesel
45%
Akcesoria Film
35%
Akcesoria Miejskie życie
35%
Akcesoria Słodkie niespodzianki Katy Perry
35%
Akcesoria Szybka jazda
35%
Akcesoria Nowoczesny apartament
30%
Akcesoria impreza w plenerze
20%
Akcesoria Luksusowy wypoczynek
20%
Akcesoria Szalone lata 70. 80. i 90.
15%
Nie znaleziono quizów pasujących do podanych kryteriów
Rozkład punktacji
Procent ludzi z każdym wynikiem
Percentyl według liczby udzielonych odpowiedzi
Twoja historia wyników
Nie rozwiązałeś tego quizu